01305 2200361 4500001002100000005001500021035002000036007000300056008004100059020002200100040002200122082001400144084001600158090002200174100004900196245023500245250002600480300002500506650002300531700004500554700003900599700003800638700004200676700003100718700003000749850001200779264003400791336002100825337003000846338002300876999002200899990002200921INLIS00000000086098320210611100442 a0010-0621000518ta210505t2021 yoi f ind d a978-979-21-6857-0 aYOPDYOGbinderda04223a268.8 a268.8 FRA m aCB-D.11 2021-05310 aFransiskus Emanuel da Santo,d1959-epenulis10aMenjadi saksi keselamatan :bpendidikan Agama Katolik untuk perguruan tinggi /cpenulis, Fransiskus Emanuel da Santo, Agustinus Manfred Habur, Daniel Boli Kotan, Erly Lumban Gaol, Vinsen Hayon, Ismulyadi; penyunting, Chris Subagya aCetakan pertama, 2021 a477 halaman ;c23 cm 4aPendidikan Katolik0 aAgustinus Manfred Habur,d1969-epenulis0 aDaniel Boli Kotan,d1966-epenulis0 aErly Lumban Gaol,d1978-epenulis0 aVinsensius Alu Hayon,d1965-epenulis0 aIsmulyadi,d1973-epenulis0 aChris Subagyaepenyunting aYOPDYOG31aYogyakarta :bKanisius,c2021 2rdacontentateks 2rdamediaatanpa perantara 2rdacarrieravolume aCB-D.11/2021-0531 aCB-D.11/2021-0531